000 00491cam a2200169 a 4500
020 _a9780750681520 (pbk.)
020 _a0750681527 (pbk.)
050 0 0 _aTA330
_b.B52 2006
100 1 _aBird, J. O.
245 1 0 _aHigher engineering mathematics /
_cJohn Bird.
250 _a5th ed.
260 _aOxford ;
_aBurlington, MA :
_bNewnes,
_c2006.
300 _axviii, 726 p. :
500 _aIncludes index.
856 4 2 _uhttp://www.loc.gov/catdir/enhancements/fy0833/2006929704-d.html
942 _cSL2
999 _c717
_d717